02074nam a2200301 i 4500003000900000005001700009007000300026008004100029020001800070040003000088082001400118100004400132245009900176264003500275300007100310336002700381337003400408338002800442504003100470520097500501590002701476650003701503710005701540910001401597942001401611952013001625999001701755DO-SdBNP20240819153949.0ta240819s2024 dr ado 000 j spa d a9789945919776 aDO-SdBNPbspacBNPHUerda 222bS211c1 aSánchez Q., Ceinett D.eautora98635410aComunicación estratégica :bpara la defensa y seguridad nacional /cCinett D. Sánchez Q. 1aSanto Domingo :bUNADE,c2024. a235 páginas, bilustraciones, gráficas, fotografíasc26 cm. 2rdacontentatextobtxt 2rdamediaasin mediación bn 2rdacarrieravolumenbnc aBibliografía p: 225-235. aLa siguiente obra, está sustentada en una investigación doctoral, que demuestra la incidencia de la Comunicación Estratégica (CE) en el alcance de los objetivos militares de las Fuerzas Armadas dominicanas, frente a la Pandemia causada por la expansión de la enfermedad COVID-19, durante el periodo marzo 2020-marzo 2022, acorde a las políticas públicas de defensa y seguridad nacional y el marco legal vigente en el país. El 90% de las personas consultadas en este estudio, reconoce su existencia, importancia e influencia en estrategias, planes, operaciones y tácticas informativas de las instituciones militares dominicanas, en especial durante situaciones de crisis. Ante la incertidumbre, la ansiedad y la necesidad de la población de estar bien informada, los contenidos difundidos en los medios de comunicación de las Fuerzas Armadas también en los entornos digitales, escalaron rápidamente en los escenarios locales e internacionales.  aInventariado, 2024/ YL 4aTuberculosisxTratamiento9790011 aUniversidad Nacional para la Defensa (UNADE).986348 aYLockward 2ddccLBS1 00102ddc51708PDaBNPHUbBNPHUcCTd2024-07-10eDeposito Legall0oBNPHU PD S211cp2024-4925r2024-08-19w2024-08-19yLBS1 c57480d57480